Los Angeles Lakers Starters of the Last 10 Years - Statistics

General Stats
  • This quiz has been taken 39 times
    7 since last reset
  • The average score is 27 of 94
Answer Stats
Games Year(s) Position Before Lakers Player % Correct
310 2020-25 C/PF New Orleans Pelicans Anthony Davis
100%
216 2022-26 SG/SF Oklahoma Austin Reaves
100%
2 2025-26 SG USC Bronny James
100%
111 2021, 2023 PG Oklahoma City Thunder Dennis Schroder
100%
29 2020, 2022 C Washington Wizards Dwight Howard
100%
130 2019-20 C Golden State Warriors JaVale McGee
100%
49 2024-26 C New Orleans Pelicans Jaxson Hayes
100%
146 2018-21 PF/SF Utah Kyle Kuzma
100%
478 2019-26 PF/PG Cleveland Cavaliers LeBron James
100%
146 2023-26 PF/SF Washington Wizards Rui Hachimura
100%
19 2018-21 PG/SG Oklahoma City Blue Alex Caruso
67%
151 2017-19 SF/SG Duke Brandon Ingram
67%
156 2017, 2023-25 PG/SG Ohio State D'Angelo Russell
67%
72 2026 C Portland Trail Blazers Deandre Ayton
67%
23 2017, 2019 C/PF Mega Leks (Serbia) Ivica Zubac
67%
95 2018-19 PG/SG UCLA Lonzo Ball
67%
92 2025-26 PG Dallas Mavericks Luka Doncic
67%
42 2021 C Toronto Raptors Marc Gasol
67%
32 2019-20 PG New Orleans Pelicans Rajon Rondo
67%
25 2023 C Washington Wizards Thomas Bryant
67%
21 2021 C Cleveland Cavaliers Andre Drummond
33%
72 2018 C Brooklyn Nets Brook Lopez
33%
3 2022 PF Portland Trail Blazers Carmelo Anthony
33%
17 2025-26 SF Tennessee Dalton Knecht
33%
7 2021, 2023 C Phoenix Suns Damian Jones
33%
19 2022 C Brooklyn Nets DeAndre Jordan
33%
20 2025 PF Brooklyn Nets Dorian Finney-Smith
33%
35 2023-26 PF/SF Utah Jazz Jarred Vanderbilt
33%
2 2019 SF South Bay Lakers Jemerrio Jones
33%
45 2018-19 SG/SF Villanova Josh Hart
33%
7 2023 SF/PF Golden State Warriors Juan Toscano-Anderson
33%
122 2017-18 PF/C Kentucky Julius Randle
33%
2 2023 PG Miami Heat Kendrick Nunn
33%
190 2018-21 SG/SF Detroit Pistons Kentavious Caldwell-Pope
33%
6 2026 SG Atlanta Hawks Luke Kennard
33%
14 2023 SG Utah Jazz Malik Beasley
33%
1 2017 PG Barcelona (Spain) Marcelo Huertas
33%
54 2026 SG/PG Washington Wizards Marcus Smart
33%
30 2020-21, 2025 PF/C Detroit Pistons Markieff Morris
33%
1 2026 PF/C Dallas Mavericks Maxi Kleber
33%
2 2019 PF New York Knicks Michael Beasley
33%
5 2019 PF Alba Berlin (Germany) Moritz Wagner
33%
1 2026 SG Charlotte Hornets Nick Smith Jr.
33%
60 2017 SG/SF Philadelphia 76ers Nick Young
33%
45 2023 SG/PG Minnesota Timberwolves Patrick Beverley
33%
1 2020 PG Golden State Warriors Quinn Cook
33%
81 2022-23 PG/SG Washington Wizards Russell Westbrook
33%
24 2020-22 SF/SG Iowa State Talen Horton-Tucker
33%
49 2024 PF/SF Minnesota Timberwolves Taurean Prince
33%
6 2019 C Phoenix Suns Tyson Chandler
33%
4 2025 C Sacramento Kings Alex Len
0%
5 2018 C Cleveland Cavaliers Andrew Bogut
0%
89 2020, 2022 SG/SF Memphis Grizzlies Avery Bradley
0%
1 2021 SG Houston Rockets Ben McLemore
0%
34 2024-25 SG/SF Portland Trail Blazers Cam Reddish
0%
1 2024 C Dallas Mavericks Christian Wood
0%
5 2017-18 SF Houston Rockets Corey Brewer
0%
68 2020 SF/SG Toronto Raptors Danny Green
0%
2 2017 SG Los Angeles D-Fenders David Nwaba
0%
1 2021 C UNC Wilmington Devontae Cacok
0%
1 2026 PF South Bay Lakers Drew Timme
0%
18 2025-26 PG Miami Heat Gabe Vincent
0%
2 2018, 2022 PG Cleveland Cavaliers Isaiah Thomas
0%
43 2026 PF Sacramento Kings Jake LaRavia
0%
1 2020 PF Brooklyn Nets Jared Dudley
0%
21 2017-18 SG/PG Missouri Jordan Clarkson
0%
5 2025 PG South Bay Lakers Jordan Goodwin
0%
11 2017 PG New York Knicks Jose Calderon
0%
14 2022 SF/SG Golden State Warriors Kent Bazemore
0%
1 2026 SG South Bay Lakers Kobe Bufkin
0%
3 2019 SF Indiana Pacers Lance Stephenson
0%
24 2017-18 PF Wyoming Larry Nance Jr.
0%
32 2023 SG/SF San Antonio Spurs Lonnie Walker IV
0%
1 2017 PG/SG Toronto Raptors Lou Williams
0%
50 2017-18 SF/PF Miami Heat Luol Deng
0%
37 2022 SG/SF Charlotte Hornets Malik Monk
0%
35 2023-25 SG/SF Michigan State Max Christie
0%
2 2017 SF/SG Cantu (Italy) Metta World Peace
0%
4 2019 PF Philadelphia 76ers Mike Muscala
0%
1 2023 C Orlando Magic Mo Bamba
0%
1 2021 C Los Angeles Clippers Montrezl Harrell
0%
16 2019 SG/PG Detroit Pistons Reggie Bullock
0%
1 2025 SG Brooklyn Nets Shake Milton
0%
4 2024 SG/PG Brooklyn Nets Spencer Dinwiddie
0%
27 2023 PF/SF South Bay Lakers Stanley Johnson
0%
16 2017 C/PF Houston Rockets Tarik Black
0%
1 2017 PF Brooklyn Nets Thomas Robinson
0%
52 2017 C Cleveland Cavaliers Timofey Mozgov
0%
11 2022 SF/PF Miami Heat Trevor Ariza
0%
45 2023 SF/PF Chicago Bulls Troy Brown Jr.
0%
13 2017-18 PG Houston Rockets Tyler Ennis
0%
9 2022 SG/SF Detroit Pistons Wayne Ellington
0%
7 2022-23 PF/SF Los Angeles Clippers Wenyen Gabriel
0%
10 2021 SG/SF Milwaukee Bucks Wesley Matthews
0%
No matching quizzes found
Score Distribution
Percent of People with Each Score
Percentile by Number Answered
Your Score History
You have not taken this quiz since the last reset